[Event "Riga Tech Rapid op"]
[Site "Riga"]
[Date "2021.08.08"]
[Round "2"]
[White "Roshka, Yevgeniy"]
[Black "Mikelsons, Mikelis Emils"]
[Result "1-0"]
[WhiteElo "2476"]
[BlackElo "1899"]
[PlyCount "54"]
[EventDate "2021.08.08"]
[EventType "swiss (rapid)"]
[EventRounds "9"]
[EventCountry "LAT"]
[SourceTitle "CBM 203 Extra"]
[Source "ChessBase"]
[SourceDate "2021.09.30"]
[SourceVersion "1"]
[SourceVersionDate "2021.09.30"]
[SourceQuality "1"]

1. e4 e5 2. Nc3 Nf6 3. Bc4 Nxe4 4. Qh5 Nd6 5. Bb3 Nc6 6. Nb5 g6 7. Qf3 f5 8. Qd5 Qf6 9. Nxc7+ Kd8 10. Nxa8 b6 11. h4 Ne7 12. Qf3 Bb7 13. Qh3 Bxa8 14. d3 f4 15. Bd2 Bg7 16. Nf3 h6 17. Bc3 Re8 18. Nxe5 Nef5 19. d4 Ne4 20. Rf1 Nxc3 21. bxc3 d6 22. 0-0-0 Kc7 23. Ng4 Qxh4 24. Bf7 Re2 25. Qxh4 Nxh4 26. g3 Be4 27. Rde1 Rxc2+ 1-0

[Event "Panevezys op-A"]
[Site "Panevezys"]
[Date "2019.06.30"]
[Round "9"]
[White "Stremavicius, Pijus"]
[Black "Mikelsons, Mikelis Emils"]
[Result "1-0"]
[WhiteElo "2098"]
[BlackElo "1799"]
[PlyCount "60"]
[EventDate "2019.06.24"]
[EventType "swiss"]
[EventRounds "9"]
[EventCountry "LTU"]
[SourceTitle "CBM 191 Extra"]
[Source "ChessBase"]
[SourceDate "2019.09.30"]
[SourceVersion "1"]
[SourceVersionDate "2019.09.30"]
[SourceQuality "1"]

1. d4 d5 2. c4 e6 3. g3 Nf6 4. Nf3 dxc4 5. Bg2 c6 6. Ne5 Bb4+ 7. Nc3 Nd5 8. Bd2 Nb6 9. e3 0-0 10. Ne4 Bxd2+ 11. Nxd2 Qe7 12. 0-0 f6 13. Nexc4 N8d7 14. Qb3 Kh8 15. Rac1 e5 16. Rfd1 exd4 17. exd4 Nxc4 18. Nxc4 Nb6 19. Nxb6 axb6 20. a3 Ra5 21. d5 Rb5 22. d6 Qe6 23. Qxe6 Bxe6 24. d7 Rd8 25. Bxc6 bxc6 26. Rxc6 Bxd7 27. Rxd7 Rg8 28. b4 h6 29. Ra7 Rf8 30. Rcc7 Rg8 1-0

[Event "LAT-chT"]
[Site "Riga"]
[Date "2019.06.09"]
[Round "6.2"]
[White "Mikelsons, Mikelis Emils"]
[Black "Krivonosov, Oleg"]
[Result "0-1"]
[WhiteElo "1804"]
[BlackElo "2394"]
[PlyCount "98"]
[EventDate "2019.02.16"]
[EventType "team-tourn"]
[EventRounds "9"]
[EventCountry "LAT"]
[SourceTitle "CBM 190 Extra"]
[Source "ChessBase"]
[SourceDate "2019.07.15"]
[SourceVersion "1"]
[SourceVersionDate "2019.07.15"]
[SourceQuality "1"]
[WhiteTeam "Rigas Saha School Nakotne"]
[BlackTeam "The Royal Biograph"]
[WhiteTeamCountry "LAT"]
[BlackTeamCountry "LAT"]

1. d4 d5 2. c4 e6 3. Nc3 Be7 4. cxd5 exd5 5. Bf4 Nf6 6. Qc2 0-0 7. h3 c5 8. Nf3 Nc6 9. e3 cxd4 10. Nxd4 Nxd4 11. exd4 Bd6 12. Bxd6 Qxd6 13. Be2 Qf4 14. Qd2 Qf5 15. 0-0 Qg6 16. Bf3 Ne4 17. Qe3 Nxc3 18. bxc3 Be6 19. Rab1 b6 20. Qe5 Rac8 21. Rb3 Rfd8 22. Re1 h6 23. Ra3 Rd7 24. c4 Rcd8 25. c5 bxc5 26. dxc5 Qg5 27. Qd4 Rc7 28. h4 Qf6 29. Qxf6 gxf6 30. Rc1 d4 31. Rd3 Bxa2 32. Rcd1 Rxc5 33. Rxd4 Rxd4 34. Rxd4 a5 35. Bd1 Kg7 36. Kh2 Be6 37. g4 Rd5 38. Rxd5 Bxd5 39. Ba4 Kf8 40. Kg3 Ke7 41. Kf4 Be6 42. g5 fxg5+ 43. hxg5 hxg5+ 44. Kxg5 Bd7 45. Bc2 a4 46. f4 a3 47. Bb1 Be6 48. f5 a2 49. Bxa2 Bxa2 0-1

[Event "Panevezys op-A"]
[Site "Panevezys"]
[Date "2018.07.06"]
[Round "9"]
[White "Jablokov, Dmitrij"]
[Black "Mikelsons, Mikelis Emils"]
[Result "1-0"]
[WhiteElo "1979"]
[BlackElo "1798"]
[PlyCount "120"]
[EventDate "2018.06.29"]
[EventType "swiss"]
[EventRounds "9"]
[EventCountry "LTU"]
[SourceTitle "EXT 2019"]
[Source "ChessBase"]
[SourceDate "2018.10.10"]
[SourceVersion "1"]
[SourceVersionDate "2018.10.10"]
[SourceQuality "1"]

1. d4 d5 2. c4 e6 3. Nc3 Bb4 4. Nf3 Nf6 5. Bg5 h6 6. Bxf6 Qxf6 7. Qb3 Nc6 8. e3 Qe7 9. cxd5 Na5 10. Qc2 exd5 11. a3 Bxc3+ 12. Qxc3 Nc6 13. Bb5 Bd7 14. 0-0 0-0 15. Rfc1 Rfd8 16. b4 Rac8 17. Qc5 Qxc5 18. Rxc5 a6 19. Bxc6 Bxc6 20. Ne5 Be8 21. Rac1 c6 22. a4 f6 23. Nf3 Kf7 24. Nd2 Rc7 25. Nb3 b6 26. R5c3 Rdc8 27. a5 Rb7 28. axb6 Rxb6 29. Nc5 Rxb4 30. Nxa6 Rb6 31. Nc5 Ke7 32. Ra3 Rc7 33. h3 Bg6 34. Kh2 Rb1 35. Rcc3 Rb2 36. Kg3 Bf5 37. Ra8 Rb6 38. Rca3 Kf7 39. Kf4 Bc2 40. R3a7 g5+ 41. Kg3 Rxa7 42. Rxa7+ Kg6 43. Nd7 Rb2 44. Kh2 Be4 45. Nf8+ Kh5 46. Kg3 Rb3 47. Rf7 f5 48. f3 Bb1 49. Rf6 Rxe3 50. Kf2 f4 51. g4+ fxg3+ 52. Kxe3 Bd3 53. Ne6 g2 54. Kf2 g1Q+ 55. Kxg1 Kh4 56. Rxh6+ Kg3 57. Nxg5 Be2 58. Rxc6 Bxf3 59. Rc3 Kh4 60. Nxf3+ Kxh3 1-0

[Event "Panevezys op-A"]
[Site "Panevezys"]
[Date "2018.07.05"]
[Round "8"]
[White "Mikelsons, Mikelis Emils"]
[Black "Kolasa, Pjotrs"]
[Result "0-1"]
[WhiteElo "1798"]
[BlackElo "2041"]
[PlyCount "114"]
[EventDate "2018.06.29"]
[EventType "swiss"]
[EventRounds "9"]
[EventCountry "LTU"]
[SourceTitle "CBM 185 Extra"]
[Source "ChessBase"]
[SourceDate "2018.07.29"]
[SourceVersion "1"]
[SourceVersionDate "2018.07.29"]
[SourceQuality "1"]

1. d4 Nf6 2. c4 e6 3. Nc3 Bb4 4. Qc2 0-0 5. Bg5 d6 6. Nf3 Nbd7 7. e3 h6 8. Bh4 b6 9. Be2 Bb7 10. 0-0 Bxc3 11. Qxc3 Qe8 12. Nd2 Ne4 13. Nxe4 Bxe4 14. f3 Bb7 15. e4 e5 16. d5 a5 17. Bd3 Bc8 18. Bc2 Nc5 19. g4 g6 20. Bf6 a4 21. Kh1 Nd7 22. Bh4 f6 23. Bg3 h5 24. gxh5 g5 25. h6 Qh5 26. Qa3 Qxh6 27. b4 Rf7 28. Qe3 Ba6 29. Bxa4 Bxc4 30. Rfc1 b5 31. Rxc4 bxc4 32. Bc6 Rb8 33. Qa7 Rxb4 34. Qxc7 Qh5 35. Bxd7 Qxf3+ 36. Kg1 Rb2 37. Qc8+ Kh7 38. Bh3 g4 39. Qxg4 Rg2+ 40. Kh1 Rxg3+ 41. Qxf3 Rxf3 42. Bf5+ Kh6 43. Rc1 c3 44. Kg2 Rd3 45. Kf1 Rc7 46. h4 c2 47. Bg4 Ra3 48. Ke2 Rxa2 49. Kd2 Rc4 50. Bf3 Ra3 51. Ke2 Rb3 52. h5 Rb1 53. Kd2 Rxc1 54. Kxc1 Rc3 55. Bg4 Kg5 56. Be2 Re3 57. Bb5 Kxh5 0-1

[Event "Panevezys op-A"]
[Site "Panevezys"]
[Date "2018.07.03"]
[Round "6"]
[White "Mikelsons, Mikelis Emils"]
[Black "Janulynas, Jonas"]
[Result "1-0"]
[WhiteElo "1798"]
[BlackElo "1730"]
[PlyCount "53"]
[EventDate "2018.06.29"]
[EventType "swiss"]
[EventRounds "9"]
[EventCountry "LTU"]
[SourceTitle "CBM 185 Extra"]
[Source "ChessBase"]
[SourceDate "2018.07.29"]
[SourceVersion "1"]
[SourceVersionDate "2018.07.29"]
[SourceQuality "1"]

1. d4 Nf6 2. c4 e6 3. Nc3 Bb4 4. Qc2 d5 5. Bg5 h6 6. Bxf6 Qxf6 7. e3 0-0 8. Nf3 c5 9. a3 Bxc3+ 10. bxc3 Nd7 11. Rd1 b6 12. cxd5 exd5 13. Bd3 Bb7 14. 0-0 Rac8 15. Bh7+ Kh8 16. Bf5 Rc7 17. Bxd7 Rxd7 18. Ne5 Rc7 19. f4 cxd4 20. exd4 Rfc8 21. Rf3 Bc6 22. Rdf1 Bd7 23. f5 Be8 24. Rg3 Qh4 25. f6 Rxc3 26. fxg7+ Kg8 27. Qh7+ 1-0

[Event "Panevezys op-A"]
[Site "Panevezys"]
[Date "2018.07.02"]
[Round "5"]
[White "Mikelsons, Mikelis Emils"]
[Black "Petraitis, Gintautas"]
[Result "1-0"]
[WhiteElo "1798"]
[BlackElo "1838"]
[PlyCount "119"]
[EventDate "2018.06.29"]
[EventType "swiss"]
[EventRounds "9"]
[EventCountry "LTU"]
[SourceTitle "CBM 185 Extra"]
[Source "ChessBase"]
[SourceDate "2018.07.29"]
[SourceVersion "1"]
[SourceVersionDate "2018.07.29"]
[SourceQuality "1"]

1. d4 Nf6 2. c4 e6 3. Nc3 d5 4. Nf3 c6 5. e3 Be7 6. Bd3 0-0 7. 0-0 Nbd7 8. b3 b6 9. Bb2 Bb7 10. e4 dxe4 11. Nxe4 Nxe4 12. Bxe4 Nf6 13. Qc2 Nxe4 14. Qxe4 Qc7 15. Rfe1 c5 16. d5 Rfe8 17. Qg4 g6 18. dxe6 f5 19. Qh3 Rad8 20. Nh4 Qf4 21. Nxg6 Qg5 22. Nxe7+ Rxe7 23. Re3 f4 24. Re5 Qg6 25. g3 Rd6 26. Qh4 Rdxe6 27. Qxe7 Rxe7 28. Rxe7 Qc6 29. Kf1 Qg2+ 30. Ke1 Bf3 31. Rg7+ Kf8 32. gxf4 Qxh2 33. Rg3 Bh5 34. Rc1 Qh1+ 35. Kd2 Qe4 36. Be5 Qe2+ 37. Kc3 Qxf2 38. Rcg1 Bg6 39. R1g2 Qe1+ 40. Kb2 Ke7 41. Rf3 Qb1+ 42. Ka3 Qc1+ 43. Bb2 Qh1 44. Re3+ Kf7 45. Rge2 Qb7 46. Bc3 b5 47. cxb5 Qxb5 48. f5 Bxf5 49. Rf2 Qa6+ 50. Kb2 Qc8 51. Ref3 Kg6 52. Rxf5 Qxf5 53. Rxf5 Kxf5 54. Ba5 Ke4 55. Kc3 Kd5 56. Bc7 h5 57. Bg3 Kc6 58. Kc4 Kb6 59. a4 Kc6 60. Bf2 1-0

[Event "Panevezys op-A"]
[Site "Panevezys"]
[Date "2018.06.29"]
[Round "1"]
[White "Staskeviciute, Darija"]
[Black "Mikelsons, Mikelis Emils"]
[Result "0-1"]
[WhiteElo "1543"]
[BlackElo "1798"]
[PlyCount "72"]
[EventDate "2018.06.29"]
[EventType "swiss"]
[EventRounds "9"]
[EventCountry "LTU"]
[SourceTitle "CBM 185 Extra"]
[Source "ChessBase"]
[SourceDate "2018.07.29"]
[SourceVersion "1"]
[SourceVersionDate "2018.07.29"]
[SourceQuality "1"]

1. d4 d5 2. Nf3 Nf6 3. c4 e6 4. Nc3 Bb4 5. e3 0-0 6. Bd3 dxc4 7. Bxc4 b6 8. 0-0 Bb7 9. Qe2 Nd5 10. Nd1 Nd7 11. a3 Bd6 12. e4 Nf4 13. Bxf4 Bxf4 14. Nc3 c5 15. d5 Qf6 16. Rad1 Ne5 17. Nxe5 Bxe5 18. Rd3 Bd4 19. Kh1 exd5 20. exd5 Rfe8 21. Qg4 Bc8 22. Qd1 Bf5 23. Rf3 Qg5 24. Rg3 Qh4 25. Qd2 Be5 26. f4 Bf6 27. Nb5 Rad8 28. Nxa7 Re4 29. Ba2 Rde8 30. Bb1 Re2 31. Qd1 Bg4 32. Qd3 Re1 33. Qb5 R8e2 34. Rg1 Rxg1+ 35. Kxg1 Bd4+ 36. Kf1 Rf2+ 0-1